| 000 | 00362nam a22001217a 4500 | ||
|---|---|---|---|
| 082 | _aTHE 200 | ||
| 100 |
_aNEELOFAR, _972736 |
||
| 245 | _aTH-SOF-0707-An Automated Approach for Software Bug Classification.pdf | ||
| 260 |
_aNUST COLLEGE OF EME _bISLAMABAD _c2001 |
||
| 650 |
_aMS-CSE-8 MSTHESIS _972737 |
||
| 700 |
_a DR MUHAMMAD YOUNUS JAVED _918584 |
||
| 942 | _cBK | ||
| 999 |
_c578723 _d578723 |
||